FC Augsburg Squad 2021-2022 - Statistics

General Stats
  • This quiz has been taken 28 times
  • The average score is 16 of 30
Answer Stats
# Position Nation Player % Correct
4 DF England Reece Oxford
88%
18 FW United States Ricardo Pepi
88%
16 FW Switzerland Rubén Vargas
88%
20 FW Italy Daniel Caligiuri
82%
11 FW Austria Michael Gregoritsch
82%
7 FW Germany Florian Niederlechner
76%
27 FW Iceland Alfreð Finnbogason
71%
1 GK Poland Rafał Gikiewicz
71%
28 FW Germany André Hahn
65%
30 MF Germany Niklas Dorsch
65%
9 FW Venezuela Sergio Córdova
65%
10 MF Germany Arne Maier
59%
24 MF Finland Fredrik Jensen
59%
22 DF Brazil Iago
59%
3 DF Denmark Mads Pedersen
59%
2 DF Poland Robert Gumny
59%
40 GK Czech Republic Tomáš Koubek
59%
8 MF Ecuador Carlos Gruezo
53%
- Coach Germany Markus Weinzierl
53%
14 MF Czech Republic Jan Morávek
53%
6 DF Netherlands Jeffrey Gouweleeuw
53%
5 MF Germany Tobias Strobl
53%
26 DF Denmark Frederik Winther
41%
19 DF Germany Felix Uduokhai
35%
21 FW Switzerland Andi Zeqiri
29%
32 DF Germany Raphael Framberger
24%
25 GK Germany Daniel Klein
18%
17 FW Germany Noah Sarenren Bazee
12%
29 FW Germany Lasse Günther
6%
41 MF Germany Tim Civeja
6%
No matching quizzes found
Score Distribution
Percent of People with Each Score
Percentile by Number Answered
Your Score History
You have not taken this quiz